[Event "Stuttgart-chB int"]
[Site "Ditzingen"]
[Date "2006.05.28"]
[Round "7"]
[White "Schmidt, Armin1111"]
[Black "Varl, Manuel"]
[Result "0-1"]
[WhiteElo "1462"]
[BlackElo "1212"]
[PlyCount "130"]
[EventDate "2006.05.25"]
[EventType "swiss"]
[EventRounds "7"]
[EventCountry "GER"]
[SourceTitle "EXT 2018"]
[Source "ChessBase"]
[SourceDate "2017.10.13"]
[SourceVersion "1"]
[SourceVersionDate "2017.10.13"]
[SourceQuality "1"]

1. d4 Nf6 2. Nf3 e6 3. Nbd2 b6 4. e4 Bb7 5. e5 Ne4 6. Bd3 Nxd2 7. Bxd2 d6 8. exd6 Bxd6 9. 0-0 Qf6 10. Bg5 Bxf3 11. Qd2 Bf4 12. Bxf4 Bc6 13. Bg5 Qxd4 14. c3 Qd5 15. f3 f6 16. Bf4 e5 17. Qe2 Qe6 18. Rfd1 Bd5 19. Bg3 Bxa2 20. c4 Bb3 21. Rd2 a5 22. Ra3 a4 23. Qe4 Nc6 24. Qd5 Qxd5 25. cxd5 Nd4 26. Bf2 Bxd5 27. Bxd4 exd4 28. Be4 Bxe4 29. fxe4 c5 30. b3 b5 31. bxa4 Rxa4 32. Rxa4 bxa4 33. Rc2 Kd7 34. Rxc5 Re8 35. Rd5+ Kc6 36. Rxd4 Kb5 37. Kf2 a3 38. Kf3 Ra8 39. Rd1 a2 40. Ra1 Kb4 41. g4 Kb3 42. Kf4 Kb2 43. Rxa2+ Rxa2 44. g5 fxg5+ 45. Kxg5 Ra5+ 46. Kf4 Rh5 47. e5 Rxh2 48. Kf3 Rh6 49. Kf4 Re6 50. Kf5 Re8 51. e6 h5 52. Ke5 h4 53. Kd6 h3 54. Kd7 Rxe6 55. Kxe6 h2 56. Kf7 h1Q 57. Kxg7 Qf3 58. Kg6 Qf4 59. Kg7 Qf5 60. Kh6 Qg4 61. Kh7 Kc3 62. Kh8 Kd4 63. Kh7 Ke5 64. Kh8 Kf6 65. Kh7 Qg7# 0-1